| 000 | 00894nam a2200265Ia 4500 | ||
|---|---|---|---|
| 003 | OSt | ||
| 005 | 20220927105050.0 | ||
| 006 | a|||||r|||| 00| 0 | ||
| 007 | ta | ||
| 008 | 220926b |||||||| |||| 00| 0 eng d | ||
| 024 | _a188337 | ||
| 037 | _cReference Collections | ||
| 040 |
_aRTL _cRTL _beng |
||
| 041 |
_2eng _aeng |
||
| 082 | _a"X:3.51.N7, L4" | ||
| 100 |
_aLianos Theodore P. _9369991 |
||
| 110 |
_aCenter of planning and economic research _9369992 |
||
| 245 | 0 | _aAspects of income distribustion in Greece | |
| 260 |
_aAthens _bCenter of planning and economic research Greece _c1974 |
||
| 300 |
_a120p _ccm. |
||
| 700 |
_a Prodromidis Kyprianos P. _9369993 |
||
| 700 |
_aCenter of planning and economic research _9369994 |
||
| 942 |
_h"X:3.51.N7, L4" _cCC |
||
| 999 |
_c690537 _d690537 |
||